| 000 | 00555nam a22001697a 4500 | ||
|---|---|---|---|
| 999 |
_c11344 _d11344 |
||
| 003 | AR-CdUCM | ||
| 008 | 190403b ||||| |||| 00| 0 spa d | ||
| 040 |
_aMUNICIPALIDAD PROVINCIAL DEL CUSCO _cBIBLIOTECA MUNICIPAL DEL CUSCO |
||
| 082 |
_a867.43 / _bL26 / 1940 |
||
| 100 |
_aLarreta, Enrique _928663 |
||
| 245 |
_aLa gloria de Don Ramiro : _b(una vida en tiempos de Felipe II) / |
||
| 260 |
_aBuenos Aires : _bSopena Argentina, _c1940. |
||
| 300 |
_a254 páginas ; _c22.5 cm. |
||
| 650 |
_aNovela Argentina. _99108 |
||
| 942 |
_2ddc _cLIBROS |
||
| 945 | _awfj | ||